<?xml version="1.0" encoding="UTF-8"?>
<record
    xmlns:xsi="http://www.w3.org/2001/XMLSchema-instance"
    xsi:schemaLocation="http://www.loc.gov/MARC21/slim http://www.loc.gov/standards/marcxml/schema/MARC21slim.xsd"
    xmlns="http://www.loc.gov/MARC21/slim">

  <leader>01242nam a2200265 a 4500</leader>
  <controlfield tag="001">79444</controlfield>
  <controlfield tag="003">BD-RjUL</controlfield>
  <controlfield tag="005">20220222152911.0</controlfield>
  <controlfield tag="008">220220s1934    s             000 0 ara d</controlfield>
  <datafield tag="035" ind1=" " ind2=" ">
    <subfield code="a">(BD-RjUL)79444</subfield>
  </datafield>
  <datafield tag="040" ind1=" " ind2=" ">
    <subfield code="a">BAR</subfield>
    <subfield code="b">eng</subfield>
    <subfield code="c">BD-RjUL</subfield>
  </datafield>
  <datafield tag="041" ind1=" " ind2=" ">
    <subfield code="a">ara/eng</subfield>
  </datafield>
  <datafield tag="082" ind1=" " ind2=" ">
    <subfield code="2">23</subfield>
    <subfield code="a">297.4 </subfield>
    <subfield code="b">NAK 1934</subfield>
  </datafield>
  <datafield tag="092" ind1=" " ind2=" ">
    <subfield code="a">297.4 NIF m</subfield>
  </datafield>
  <datafield tag="100" ind1="1" ind2=" ">
    <subfield code="a">&#x627;&#x644;&#x646;&#x641;&#x631;&#x64A;&#x60C; &#x645;&#x62D;&#x645;&#x62F; &#x628;&#x646; &#x639;&#x628;&#x62F; &#x627;&#x644;&#x62C;&#x628;&#x627;&#x631;  ;; Al-Nafri, Muhammad bin Abdul-Jabbar, &#x60C;</subfield>
    <subfield code="d">&#x645;. 965.</subfield>
    <subfield code="9">1540</subfield>
  </datafield>
  <datafield tag="245" ind1="1" ind2="4">
    <subfield code="a">&#x643;&#x62A;&#x627;&#x628; &#x627;&#x644;&#x645;&#x648;&#x627;&#x642;&#x641; &#x648;&#x64A;&#x644;&#x64A;&#x647; &#x643;&#x62A;&#x627;&#x628; &#x627;&#x644;&#x645;&#x62E;&#x627;&#x637;&#x628;&#x627;&#x62A; &#x644;&#x647; &#x627;&#x64A;&#x636;&#x627; = The Mawaqif and Mukhatabat of Muhammad IBN 'Abdi ' L- Jabbar al- Nafri with other fragments / /</subfield>
    <subfield code="c">&#x644;&#x645;&#x62D;&#x645;&#x62F; &#x628;&#x646; &#x639;&#x628;&#x62F; &#x627;&#x644;&#x62C;&#x628;&#x627;&#x631; &#x628;&#x646; &#x627;&#x644;&#x62D;&#x633;&#x646; &#x627;&#x644;&#x646;&#x641;&#x631;&#x64A;&#x61B; &#x628;&#x639;&#x646;&#x627;&#x64A;&#x629; &#x648;&#x62A;&#x635;&#x62D;&#x64A;&#x62D; &#x648;&#x627;&#x647;&#x62A;&#x645;&#x627;&#x645; &#x627;&#x631;&#x62B;&#x631; &#x64A;&#x648;&#x62D;&#x646;&#x627; &#x627;&#x631;&#x628;&#x631;&#x64A;. = edited for the first time, with translation, comentary, and indices, by Arthur John Arbery</subfield>
  </datafield>
  <datafield tag="246" ind1="3" ind2="3">
    <subfield code="a">&#x645;&#x648;&#x627;&#x642;&#x641;</subfield>
  </datafield>
  <datafield tag="246" ind1="3" ind2="3">
    <subfield code="a">&#x645;&#x62E;&#x627;&#x637;&#x628;&#x627;&#x62A;</subfield>
  </datafield>
  <datafield tag="260" ind1=" " ind2=" ">
    <subfield code="a">&#x627;&#x644;&#x642;&#x627;&#x647;&#x631;&#x629; :</subfield>
    <subfield code="b">&#x645;&#x637;&#x628;&#x639;&#x629; &#x62F;&#x627;&#x631; &#x627;&#x644;&#x643;&#x62A;&#x627;&#x628; &#x627;&#x644;&#x645;&#x635;&#x631;&#x64A;&#x629;&#x60C;</subfield>
    <subfield code="c">1934</subfield>
  </datafield>
  <datafield tag="300" ind1=" " ind2=" ">
    <subfield code="a">218,276 &#x635;. ;</subfield>
    <subfield code="c">24 &#x633;.</subfield>
  </datafield>
  <datafield tag="500" ind1=" " ind2=" ">
    <subfield code="a">Includes Index</subfield>
  </datafield>
  <datafield tag="650" ind1=" " ind2="4">
    <subfield code="a">Mysticism</subfield>
    <subfield code="x">Islam</subfield>
    <subfield code="9">1541</subfield>
  </datafield>
  <datafield tag="700" ind1="1" ind2=" ">
    <subfield code="a">&#x627;&#x631;&#x628;&#x631;&#x64A;&#x60C; &#x622;&#x631;&#x62B;&#x631; &#x62C;&#x648;&#x646;&#x60C;;; Arberry, Arthur John, </subfield>
    <subfield code="d">1905-</subfield>
    <subfield code="9">1542</subfield>
  </datafield>
  <datafield tag="942" ind1=" " ind2=" ">
    <subfield code="2">ddc</subfield>
    <subfield code="c">BK</subfield>
  </datafield>
  <datafield tag="999" ind1=" " ind2=" ">
    <subfield code="c">79444</subfield>
    <subfield code="d">79444</subfield>
  </datafield>
  <datafield tag="952" ind1=" " ind2=" ">
    <subfield code="0">0</subfield>
    <subfield code="1">0</subfield>
    <subfield code="2">ddc</subfield>
    <subfield code="4">0</subfield>
    <subfield code="7">1</subfield>
    <subfield code="8">NFIC</subfield>
    <subfield code="a">RUCL</subfield>
    <subfield code="b">RUCL</subfield>
    <subfield code="c">Reading</subfield>
    <subfield code="d">1964-01-22</subfield>
    <subfield code="e">Zeitlinger</subfield>
    <subfield code="l">0</subfield>
    <subfield code="o">A 297.4  NAK 1934</subfield>
    <subfield code="r">2022-02-22 00:00:00</subfield>
    <subfield code="t">C-1</subfield>
    <subfield code="w">2022-02-22</subfield>
    <subfield code="y">BK</subfield>
  </datafield>
</record>
